Arte universal : selección (Record no. 426)

MARC details
000 -LEADER
campo de control de longitud fija 00609nam a22001577a 4500
008 - DATOS DE LONGITUD FIJA--INFORMACIÓN GENERAL
campo de control de longitud fija 150213b xxu||||| |||| 00| 0 eng d
082 ## - NÚMERO DE LA CLASIFICACIÓN DECIMAL DEWEY
Número de clasificación 700
Número de ítem C755a
100 ## - ENTRADA PRINCIPAL--NOMBRE DE PERSONA
Nombre de persona Guadalupe Ordaz;
9 (RLIN) 2053
110 ## - ENTRADA PRINCIPAL--NOMBRE DE ENTIDAD CORPORATIVA
Nombre de entidad corporativa o nombre de jurisdicción como elemento de entrada Consejo Nacional de las Artes Plásticas (cuba)
9 (RLIN) 2054
245 ## - MENCIÓN DEL TÍTULO
Título Arte universal : selección
Mención de responsabilidad, etc. Guadalupe Ordaz;
260 ## - PUBLICACIÓN, DISTRIBUCIÓN, ETC.
Lugar de publicación, distribución, etc. Havana, Cuba
Nombre del editor, distribuidor, etc. Consejo Nacional de las Artes Plásticas
Fecha de publicación, distribución, etc. 2001
300 ## - DESCRIPCIÓN FÍSICA
Extensión 79 p
Otras características físicas ill
Dimensiones 30 cm
650 ## - PUNTO DE ACCESO ADICIONAL DE MATERIA--TÉRMINO DE MATERIA
Término de materia o nombre geográfico como elemento de entrada Historia del arte universal
Subdivisión de forma siglo XV - siglo XX
Subdivisión geográfica Latinoamerica
9 (RLIN) 2055
700 ## - ENTRADA AGREGADA--NOMBRE PERSONAL
Nombre de persona Guadalupe Ordaz;
9 (RLIN) 2056
710 ## - ENTRADA AGREGADA--NOMBRE DE ENTIDAD CORPORATIVA
Nombre de entidad corporativa o nombre de jurisdicción como elemento de entrada Consejo Nacional de las Artes Plásticas (cuba)
9 (RLIN) 2057
Holdings
Estatus retirado Estado de pérdida Fuente del sistema de clasificación o colocación Estado de daño No para préstamo Biblioteca de origen Biblioteca actual Ubicación en estantería Fecha de adquisición Total de préstamos Signatura topográfica completa Código de barras Visto por última vez Precio de reemplazo Tipo de ítem Koha
    Clasificación Decimal Dewey     Biblioteca LadoV Biblioteca LadoV   13/02/2015   700 C755a 000377 13/02/2015 13/02/2015 Material 01